MARC details
| 000 -CABECERA |
| campo de control de longitud fija |
01049nam a2200241 a 4500 |
| 001 - NÚMERO DE CONTROL |
| campo de control |
000018890 |
| 005 - FECHA Y HORA DE LA ÚLTIMA TRANSACCIÓN |
| campo de control |
20200929165857.0 |
| 008 - DATOS DE LONGITUD FIJA--INFORMACIÓN GENERAL |
| campo de control de longitud fija |
731009s1964 ve 000 p spa d |
| 040 ## - FUENTE DE LA CATALOGACIÓN |
| Centro catalogador/agencia de origen |
DO-SdBNP |
| Lengua de catalogación |
spa |
| Centro/agencia transcriptor |
BNPHU |
| Centro/agencia modificador |
OCoLC |
| -- |
DLC |
| 082 ## - NÚMERO DE LA CLASIFICACIÓN DECIMAL DEWEY |
| Número de clasificación |
V861.44 |
| Número de documento/Ítem |
L879s |
| 049 ## - FONDOS LOCALES (OCLC) |
| Fondos de biblioteca |
BNGR |
| 100 1# - ENTRADA PRINCIPAL--NOMBRE DE PERSONA |
| Nombre de persona |
Losada, Benito Raúl, |
| Fechas asociadas al nombre |
1923- |
| 9 (RLIN) |
32276 |
| 245 10 - MENCIÓN DE TÍTULO |
| Título |
Poesías / |
| Mención de responsabilidad, etc. |
Benito Raúl Losada ; prólogo Oscar Sambrano Urdaneta. |
| 260 ## - PUBLICACIÓN, DISTRIBUCIÓN, ETC. |
| Lugar de publicación, distribución, etc. |
Caracas : |
| Nombre del editor, distribuidor, etc. |
Ministerio de Educación, |
| -- |
Dirección de Cultura y Bellas Artes, Departamento de Publicaciones, |
| Fecha de publicación, distribución, etc. |
1964. |
| 300 ## - DESCRIPCIÓN FÍSICA |
| Extensión |
xxxiii, 161 [12] p. ; |
| Dimensiones |
18 cm. |
| 490 1# - MENCIÓN DE SERIE |
| Mención de serie |
Biblioteca popular venezolana |
| Designación de volumen o secuencia |
94 |
| 505 0# - NOTA DE CONTENIDO CON FORMATO |
| Nota de contenido con formato |
Campanada hacia el alma -- Vitral humano -- Savía terrena -- Más allá del relámpago -- El antiguo sendero -- Ritual de la soledad -- Más allá del relampago. |
| 650 #4 - PUNTO DE ACCESO ADICIONAL DE MATERIA--TÉRMINO DE MATERIA |
| Término de materia o nombre geográfico como elemento de entrada |
Poesía venezolana |
| 9 (RLIN) |
4230 |
| 650 #4 - PUNTO DE ACCESO ADICIONAL DE MATERIA--TÉRMINO DE MATERIA |
| Término de materia o nombre geográfico como elemento de entrada |
Literatura venezolana |
| Subdivisión cronológica |
SIGLO XX |
| 9 (RLIN) |
9777 |
| 700 1# - PUNTO DE ACCESO ADICIONAL--NOMBRE DE PERSONA |
| Nombre de persona |
Sambrano Urdaneta, Oscar |
| Término indicativo de función/relación |
pról. |
| 9 (RLIN) |
24202 |
| 830 #0 - PUNTO DE ACCESO ADICIONAL DE SERIE-TÍTULO UNIFORME |
| Título uniforme |
Biblioteca popular venezolana ; |
| Designación de volumen o secuencia |
94 |
| 9 (RLIN) |
4512 |
| 910 ## - DATOS DE OPCIÓN DEL USUARIO (OCLC) |
| Datos de opción del usuario |
Catalogación original |